Negotiating the past : the historical understanding of medieval literature
Αποθηκεύτηκε σε:
| Κύριος συγγραφέας: | |
|---|---|
| Μορφή: | Βιβλίο |
| Γλώσσα: | English |
| Δημοσίευση: |
Madison :
University of Wisconsin Press,
1987
|
| Θέματα: | |
| Ετικέτες: |
Προσθήκη ετικέτας
Δεν υπάρχουν, Καταχωρήστε ετικέτα πρώτοι!
|
MARC
| LEADER | 00000cam a2200000 i 4500 | ||
|---|---|---|---|
| 001 | 1/6515 | ||
| 008 | 960708s1987 a eng d | ||
| 020 | |a 0-299-11040-0 | ||
| 035 | |l 10016380 | ||
| 040 | |a GR-MY-UA |b gre |e aacr | ||
| 041 | 0 | |a eng | |
| 082 | 0 | |a 821.109 | |
| 100 | 1 | |a Patterson, Lee. | |
| 245 | 1 | 0 | |a Negotiating the past : |b the historical understanding of medieval literature / |c Lee Patterson |
| 260 | |a Madison : |b University of Wisconsin Press, |c 1987 | ||
| 300 | |a xiv, 239 p.; |c 24 cm | ||
| 504 | |a Includes bibliographical references and index | ||
| 600 | 1 | 0 | |a Chaucer Geoffrey |d d. 1400 |x Criticism and interpretation. |
| 650 | 0 | 0 | |a English literature |y Middle English, 1100-1500 |x History and criticism |x Theory, etc. |
| 650 | 0 | 0 | |a French poetry |y To 1500 |x History and criticism |x Theory, etc. |
| 650 | 0 | 0 | |a Literature, Medieval |x History and criticism. |
| 650 | 0 | 0 | |a Romances |x History and criticism. |
| 650 | 0 | 0 | |a Historical criticism (Literature) |z England. |
| 650 | 0 | 0 | |a Literature and history |z England. |
| 852 | |a INST |b LESVOS |e 19960708 |h 821.109 PAT |p 005100006246 |q 005100006246 |t BK |y 0 | ||
| 909 | |a Λ |b 029959 | ||